Länder mit den insgesamt längsten Grenzen - Statistiken

Allgemein
  • Dieses Quiz wurde 404 mal gespielt
  • Das Durchschnittsergebnis liegt bei 15 aus 20
Antwortstatistiken
km Land % Korrekt
20.017 Russland
99%
22.147 China
97%
14.691 Brasilien
95%
8.893 Kanada
95%
12.034 Vereinigte Staaten
94%
14.103 Indien
92%
9.665 Argentinien
88%
6.171 Chile
86%
12.012 Kasachstan
85%
8.220 Mongolei
82%
10.730 Demokratische Republik Kongo
79%
6.470 Algerien
74%
6.774 Pakistan
66%
6.764 Sudan
65%
5.968 Tschad
62%
7.243 Mali
58%
6.004 Kolumbien
50%
6.743 Bolivien
44%
6.221 Usbekistan
43%
5.876 Myanmar
29%
Keine übereinstimmenden Quizze gefunden
Verteilung der Resultate
Anzahl Personen mit jedem Resultat
Perzentil nach korrekt beantworteten Fragen
Ihre Resultats-Entwicklung
Sie haben dieses Quiz noch nicht gespielt